25ème anniversaire de la Convention Européenne des Droits de l'Homme / 200 Les droits de l'homme dans les écrits de Polys Modinos
| Format: | Print Article |
|---|---|
| Language: | French |
| Published: |
Paris
Pédone
1975
|
| In: |
25ème anniversaire de la Convention Européenne des Droits de l'Homme 4 novembre 1950 - 4 novembre 1975
Year: 1975 |
| Availability in Tübingen: | Present in Tübingen. UB: KB 5 A 604-2 |
| Check availability: | HBZ Gateway |
| Subito Delivery Service: | Order now. |
MARC
| LEADER | 00000cam a22000002cc4500 | ||
|---|---|---|---|
| 001 | 1094280526 | ||
| 003 | DE-627 | ||
| 005 | 20220514140929.0 | ||
| 007 | tu | ||
| 008 | 910524s1975 xx ||||| 00| ||fre c | ||
| 035 | |a (DE-627)1094280526 | ||
| 035 | |a (DE-576)024280526 | ||
| 035 | |a (DE-599)BSZ024280526 | ||
| 035 | |a (OCoLC)311619846 | ||
| 040 | |a DE-627 |b ger |c DE-627 |e rakwb | ||
| 041 | |a fre | ||
| 245 | 0 | 0 | |a 25ème anniversaire de la Convention Européenne des Droits de l'Homme |n 200 |p Les droits de l'homme dans les écrits de Polys Modinos |
| 246 | 3 | 0 | |a Vingt-cinquième twenty-fifth anniversary of the European Convention on Human Rights |
| 264 | 1 | |a Paris |b Pédone |c 1975 | |
| 300 | |a S. 627 - 776 | ||
| 336 | |a Text |b txt |2 rdacontent | ||
| 337 | |a ohne Hilfsmittel zu benutzen |b n |2 rdamedia | ||
| 338 | |a Band |b nc |2 rdacarrier | ||
| 490 | 1 | |a Revue des droits de l'homme |v 8, nr. speciale | |
| 773 | 1 | 8 | |a 25ème anniversaire de la Convention Européenne des Droits de l'Homme 4 novembre 1950 - 4 novembre 1975 |w (DE-627)1094280356 |w (DE-576)024280356 |g (200) |q 200 |7 nnam |
| 830 | 0 | |a Revue des droits de l'homme |v 8, nr. speciale |9 8, nr. speciale |w (DE-627)129502995 |w (DE-576)014905833 |w (DE-600)208681-5 |7 am | |
| 935 | |c so | ||
| 951 | |a MV | ||
| ELC | |b 1 | ||
| LOK | |0 000 xxxxxcx a22 zn 4500 | ||
| LOK | |0 001 2164978692 | ||
| LOK | |0 003 DE-627 | ||
| LOK | |0 004 1094280526 | ||
| LOK | |0 005 20000315000000 | ||
| LOK | |0 008 910524||||||||||||||||ger||||||| | ||
| LOK | |0 040 |a DE-21 |c DE-627 |d DE-21 | ||
| LOK | |0 852 |a DE-21 | ||
| LOK | |0 852 1 |c KB 5 A 604-2 |9 00 | ||
| LOK | |0 935 |a krim | ||
| LOK | |0 939 |a 24-05-91 |b l01 | ||
| ORI | |a SA-MARC-krimdoka001.raw | ||
| SIG | |a UB: KB 5 A 604-2 | ||
